Pretty Little Liars Secondary Characters - Statistics

General Stats
  • This quiz has been taken 437 times
  • The average score is 12 of 15
Answer Stats
Hint Answer % Correct
Emilys boyfriend Ben
95%
Alis brother Jason
94%
Dated Hanna in season 1 Sean
92%
Creepy detective from season 1 Wilden
92%
Hannas step sister Kate
90%
Dated Spencer in season 1 Alex
89%
Massive crush on Hanna Lucas
86%
Briefly dated Aria in season 4 Jake
81%
Aria's dads mistress Meredith
78%
Helped Aria see Ezra Holden
74%
Blonde college girl, dated Emily breifly Samara
73%
Hannas fiance after the time jump Jordan
59%
Arias boyfriend after the time jump Liam
59%
Nosy police lieutenant Tanner
54%
Resuced Ali, lives in Ravenswood Mrs. Grunwald
37%
No matching quizzes found
Score Distribution
Percent of People with Each Score
Percentile by Number Answered
Your Score History
You have not taken this quiz